00550nam a2200145 i 450000100060000000300090000600500170001500700030003200800410003511100750007624501140015126000770026530000390034285200230038146235ES-MaACL20230906161339.0t|030328s1920 ag ||||1| spa d2 aConferencia Nacional de Profilaxis Antituberculosa (d1919. cRosario)10aSegunda Conferencia Nacional de Profilaxis Antituberculosa, 6 a 8 de septiembre de 1919 b: actas y trabajos. aRosario de Santa Fé : b[s.n., c1920] (fTalls. de la Bca. Argentina) a3 v., 31 lám. : bil. ; c26 cm. aES-MaACLjE-1402-4